[Event "Madrid-ch Previa A"]
[Site "Madrid"]
[Date "2023.02.07"]
[Round "2.11"]
[White "Martin Buitrago Lopez, Antonio"]
[Black "Fernandez Garcia, Ignacio"]
[Result "1-0"]
[WhiteElo "1705"]
[BlackElo "1824"]
[PlyCount "81"]
[EventDate "2023.02.06"]
[EventType "swiss"]
[EventRounds "9"]
[EventCountry "ESP"]
[SourceTitle "EXT 2024"]
[Source "ChessBase"]
[SourceDate "2023.10.10"]
[SourceVersion "1"]
[SourceVersionDate "2023.10.10"]
[SourceQuality "1"]

1. e4 d5 2. exd5 Qxd5 3. Nc3 Qa5 4. d4 Nf6 5. Nf3 Bg4 6. h3 Bh5 7. Bd2 c6 8. Ne4 Qd8 9. Nxf6+ exf6 10. g4 Bg6 11. Qe2+ Qe7 12. 0-0-0 Qxe2 13. Bxe2 Bd6 14. Rhe1 0-0 15. Nh4 Nd7 16. Bc4 Nb6 17. Bb3 Nd5 18. Bxd5 cxd5 19. Nxg6 hxg6 20. Re3 Rfe8 21. Rde1 Kf8 22. Rb3 b6 23. Rxe8+ Rxe8 24. Rb5 Ke7 25. Rxd5 Rh8 26. c4 Rxh3 27. c5 bxc5 28. dxc5 Bc7 29. Be3 Rh1+ 30. Kc2 Rg1 31. c6 Ke6 32. Rd7 Bb6 33. Bxb6 axb6 34. f3 Rh1 35. a4 Rh8 36. b4 f5 37. g5 Rh2+ 38. Kc3 Ra2 39. Rd8 Ra1 40. Kb2 Rxa4 41. c7 1-0

[Event "Madrid-ch Previa-A"]
[Site "Madrid"]
[Date "2022.03.16"]
[Round "6"]
[White "Fernandez Garcia, Ignacio"]
[Black "Gueler Berdasco, Martin"]
[Result "0-1"]
[WhiteElo "1844"]
[BlackElo "1957"]
[PlyCount "94"]
[EventDate "2022.03.07"]
[EventType "swiss"]
[EventRounds "9"]
[EventCountry "ESP"]
[SourceTitle "EXT 2023"]
[Source "ChessBase"]
[SourceDate "2022.10.05"]
[SourceVersion "1"]
[SourceVersionDate "2022.10.05"]
[SourceQuality "1"]

1. e4 c5 2. Nf3 d6 3. Bc4 Nf6 4. e5 dxe5 5. Nxe5 e6 6. Qe2 Be7 7. Nc3 0-0 8. d3 a6 9. a4 b6 10. 0-0 Bb7 11. Nxf7 Rxf7 12. Bxe6 Nc6 13. Re1 Nd4 14. Bxf7+ Kxf7 15. Qd1 Kg8 16. Bg5 h6 17. Bxf6 Bxf6 18. Ne4 Ne6 19. Qg4 Nf8 20. c3 Bc6 21. Re3 Ra7 22. Rae1 Rf7 23. f4 Bxa4 24. Nxf6+ Qxf6 25. g3 Bd7 26. Qe2 Bb5 27. c4 Bc6 28. Re5 Kh7 29. Qe3 Bb7 30. Re7 Qxb2 31. Qf2 Qf6 32. Rxf7 Qxf7 33. Qe3 Qf6 34. Qe5 Qc6 35. Qe4+ Qxe4 36. Rxe4 Bxe4 37. dxe4 Kg6 38. Kf2 Kf6 39. Ke3 b5 40. cxb5 axb5 41. g4 b4 42. h4 c4 43. g5+ hxg5 44. hxg5+ Ke6 45. Kd4 c3 46. f5+ Ke7 47. Kd3 Nd7 0-1

[Event "Madrid-ch Previa-A"]
[Site "Madrid"]
[Date "2022.03.07"]
[Round "1"]
[White "Moreno Sabroso, Ruben"]
[Black "Fernandez Garcia, Ignacio"]
[Result "1/2-1/2"]
[WhiteElo "1495"]
[BlackElo "1844"]
[PlyCount "228"]
[EventDate "2022.03.07"]
[EventType "swiss"]
[EventRounds "9"]
[EventCountry "ESP"]
[SourceTitle "EXT 2023"]
[Source "ChessBase"]
[SourceDate "2022.10.05"]
[SourceVersion "1"]
[SourceVersionDate "2022.10.05"]
[SourceQuality "1"]

1. d4 d6 2. Bf4 Nf6 3. Nc3 g6 4. e4 Bg7 5. Nf3 0-0 6. Qd2 Re8 7. Bc4 c6 8. Bb3 b5 9. a3 a5 10. 0-0 Na6 11. e5 b4 12. exf6 bxc3 13. fxe7 Qxe7 14. bxc3 Be6 15. Rfe1 Qd7 16. Bxe6 fxe6 17. Rab1 Rab8 18. c4 c5 19. dxc5 Rxb1 20. Rxb1 e5 21. Be3 Qa4 22. Qd5+ Kh8 23. Ng5 Bf6 24. Qf7 Bg7 25. Rb7 Rg8 26. Qe7 h5 27. Ne6 Qxc2 28. h3 Nxc5 29. Bxc5 dxc5 30. g3 Qc1+ 31. Kg2 Qh6 32. Qxc5 Bf6 33. Qxa5 Qc1 34. Qc7 Qh6 35. Qf7 g5 36. c5 e4 37. c6 e3 38. fxe3 g4 39. h4 Be5 40. Ng5 Qxc6+ 41. e4 Qc2+ 42. Qf2 Qxf2+ 43. Kxf2 Rf8+ 44. Rf7 Kg8 45. Rxf8+ Kxf8 46. Ne6+ Kf7 47. Nf4 Bd4+ 48. Ke2 Kf6 49. Nxh5+ Ke5 50. Nf4 Kxe4 51. h5 Kf5 52. h6 Bb2 53. h7 Kg5 54. Ke3 Kh6 55. h8Q+ Bxh8 56. Ke4 Kg5 57. Ne6+ Kf6 58. Nd4 Ke7 59. Nf5+ Ke6 60. Kf4 Kd5 61. Kxg4 Kc4 62. Kg5 Kb3 63. Kg6 Bb2 64. g4 Kxa3 65. Kh5 Bc1 66. Kh4 Kb4 67. Kg3 Bg5 68. Kf3 Kc5 69. Ke4 Kc6 70. Ke5 Kd7 71. Ng3 Ke7 72. Kf5 Bc1 73. Nh5 Kf7 74. Nf4 Kg7 75. g5 Bb2 76. Ne6+ Kg8 77. g6 Bc3 78. Nd8 Kg7 79. Ne6+ Kg8 80. Ng5 Kg7 81. Ne4 Bb2 82. Nd6 Bc3 83. Ne8+ Kg8 84. Ke6 Bb2 85. Kf5 Bc3 86. Nc7 Kg7 87. Nd5 Bb2 88. Nf4 Bc3 89. Nh5+ Kg8 90. Kg5 Bd2+ 91. Nf4 Bc3 92. Nh5 Bd2+ 93. Kf5 Bc3 94. Ke6 Bb2 95. Ng3 Kg7 96. Kf5 Bc3 97. Nh5+ Kg8 98. Nf4 Bb2 99. Nd3 Bc3 100. Ne5 Kg7 101. Nf7 Bb2 102. Ng5 Kg8 103. Ke6 Kg7 104. Kf5 Kg8 105. Nf7 Kg7 106. Nd8 Bc3 107. Ne6+ Kg8 108. Ke4 Bb2 109. Kd5 Bc3 110. Kd6 Bb2 111. Kd7 Bc3 112. Ke8 Bb2 113. Ke7 Bc3 114. Nc7 Kg7 1/2-1/2

[Event "Collado Villalba op 38th"]
[Site "Collado Villalba"]
[Date "2021.08.23"]
[Round "3"]
[White "Fernandez Garcia, Ignacio"]
[Black "Palomo Monserrat, Lorenzo"]
[Result "1-0"]
[WhiteElo "1821"]
[BlackElo "1451"]
[PlyCount "67"]
[EventDate "2021.08.21"]
[EventType "swiss"]
[EventRounds "9"]
[EventCountry "ESP"]
[SourceTitle "CBM 204 Extra"]
[Source "ChessBase"]
[SourceDate "2021.11.30"]
[SourceVersion "1"]
[SourceVersionDate "2021.11.30"]
[SourceQuality "1"]

1. e4 c5 2. Nc3 Nc6 3. Nf3 e5 4. Bc4 Be7 5. d3 d6 6. h3 Nf6 7. Be3 h6 8. g4 Be6 9. g5 hxg5 10. Nxg5 Bxc4 11. dxc4 Nd4 12. f4 exf4 13. Bxf4 Nh5 14. Nxf7 Kxf7 15. Be3 Bh4+ 16. Kd2 Bg5 17. Rf1+ Ke8 18. Nd5 Bxe3+ 19. Nxe3 Nf6 20. c3 Ne6 21. Kc2 Qe7 22. Nf5 Qd7 23. Nxd6+ Ke7 24. e5 Rxh3 25. exf6+ gxf6 26. Nf5+ Ke8 27. Qe2 Rd8 28. Rad1 Qa4+ 29. Kc1 Rxd1+ 30. Rxd1 Qc6 31. Qg4 Rh1 32. Qg6+ Kf8 33. Qxf6+ Kg8 34. Ne7+ 1-0

[Event "Madrid-ch Seniors 65"]
[Site "Madrid"]
[Date "2020.08.29"]
[Round "6"]
[White "Fernandez Garcia, Ignacio"]
[Black "Ramos Isasi, Jose Luis"]
[Result "1/2-1/2"]
[WhiteElo "1803"]
[BlackElo "1766"]
[PlyCount "89"]
[EventDate "2020.03.09"]
[EventType "swiss"]
[EventRounds "8"]
[EventCountry "ESP"]
[SourceTitle "EXT 2021"]
[Source "ChessBase"]
[SourceDate "2020.10.23"]
[SourceVersion "1"]
[SourceVersionDate "2020.10.23"]
[SourceQuality "1"]

1. e4 c5 2. Nf3 d6 3. Bc4 e6 4. Nc3 Nf6 5. d3 a6 6. a4 Be7 7. Bg5 h6 8. Bd2 Nc6 9. h3 Nd4 10. Nxd4 cxd4 11. Ne2 e5 12. f4 Be6 13. fxe5 dxe5 14. Bxe6 fxe6 15. Ng3 0-0 16. 0-0 Rc8 17. c4 dxc3 18. Bxc3 Bc5+ 19. Kh1 Bd4 20. Bxd4 exd4 21. Qb3 Qd7 22. Rf3 Kh8 23. Raf1 e5 24. Nh5 Rc6 25. g4 Rd6 26. Rf5 Qe7 27. R5f3 Rc6 28. Ng3 Qc7 29. h4 Rc1 30. g5 Rxf1+ 31. Nxf1 hxg5 32. hxg5 Nh7 33. Rxf8+ Nxf8 34. Qd1 Qf7 35. Kg2 Ne6 36. Qg4 Nf4+ 37. Kg1 Qh5 38. Qc8+ Kh7 39. Qf5+ Ng6 40. Ng3 Qd1+ 41. Kh2 Qd2+ 42. Kg1 Qxd3 43. Qg4 Qe3+ 44. Kh2 Qf2+ 45. Kh1 1/2-1/2

[Event "Madrid-ch Seniors 50"]
[Site "Madrid"]
[Date "2020.01.21"]
[Round "7"]
[White "Fernandez Garcia, Ignacio"]
[Black "Martinez Pintor, Juan"]
[Result "1-0"]
[WhiteElo "1770"]
[BlackElo "1577"]
[PlyCount "31"]
[EventDate "2020.01.13"]
[EventType "swiss"]
[EventRounds "9"]
[EventCountry "ESP"]
[SourceTitle "CBM 194 Extra"]
[Source "ChessBase"]
[SourceDate "2020.03.31"]
[SourceVersion "1"]
[SourceVersionDate "2020.03.31"]
[SourceQuality "1"]

1. e4 e6 2. d4 d5 3. e5 c5 4. c3 Nc6 5. Nf3 Qb6 6. Bd3 cxd4 7. cxd4 Bd7 8. Nc3 Nxd4 9. Ng5 Nh6 10. 0-0 Nc6 11. Nxh7 g6 12. Nf6+ Kd8 13. Bg5 Be7 14. Bb5 Nxe5 15. Nfxd5 exd5 16. Bxe7+ 1-0

[Event "Madrid-ch Seniors 50"]
[Site "Madrid"]
[Date "2020.01.17"]
[Round "5"]
[White "Fernandez Garcia, Ignacio"]
[Black "Mendez Rodriguez, Carlos"]
[Result "1/2-1/2"]
[WhiteElo "1770"]
[BlackElo "1581"]
[PlyCount "50"]
[EventDate "2020.01.13"]
[EventType "swiss"]
[EventRounds "9"]
[EventCountry "ESP"]
[SourceTitle "CBM 194 Extra"]
[Source "ChessBase"]
[SourceDate "2020.03.31"]
[SourceVersion "1"]
[SourceVersionDate "2020.03.31"]
[SourceQuality "1"]

1. e4 c5 2. c3 g6 3. Bc4 Bg7 4. f4 e6 5. Nf3 Ne7 6. d4 cxd4 7. cxd4 d5 8. Bb5+ Bd7 9. Bxd7+ Qxd7 10. Nc3 dxe4 11. Nxe4 Nbc6 12. Nc5 Qd5 13. Nb3 Nf5 14. 0-0 0-0 15. Kh1 Rfd8 16. Qe2 Nfxd4 17. Nbxd4 Nxd4 18. Nxd4 Qxd4 19. Be3 Qd3 20. Qf2 b6 21. Qf3 Qd5 22. Qe2 Qd3 23. Qf3 Qd5 24. Qe2 Qd3 25. Qf3 Qd5 1/2-1/2

[Event "Madrid-ch sf"]
[Site "Madrid"]
[Date "2019.05.06"]
[Round "1"]
[White "Fernandez Garcia, Ignacio"]
[Black "Rios Rebollo, Victor"]
[Result "0-1"]
[WhiteElo "1755"]
[BlackElo "2007"]
[PlyCount "96"]
[EventDate "2019.05.06"]
[EventType "swiss"]
[EventRounds "9"]
[EventCountry "ESP"]
[SourceTitle "CBM 190 Extra"]
[Source "ChessBase"]
[SourceDate "2019.07.15"]
[SourceVersion "1"]
[SourceVersionDate "2019.07.15"]
[SourceQuality "1"]

1. e4 e6 2. d4 d5 3. e5 c5 4. c3 Nc6 5. Nf3 Qb6 6. Bd3 cxd4 7. 0-0 Bd7 8. cxd4 Nxd4 9. Nc3 a6 10. Ng5 Nc6 11. Qe2 Nge7 12. Nxh7 0-0-0 13. Ng5 Be8 14. b3 d4 15. Na4 Qa5 16. Bf4 Nd5 17. Bg3 Ba3 18. Ne4 Kb8 19. Nd6 Ka7 20. Nc4 Qb4 21. Nxa3 Qxa3 22. Rac1 Ncb4 23. Qe4 Bxa4 24. Bh4 Rc8 25. Rxc8 Rxc8 26. Qxd4+ Kb8 27. Bc4 Bb5 28. Bg5 Bxc4 29. bxc4 Qc3 30. Qxc3 Nxc3 31. Bd2 Rxc4 32. a3 Nbd5 33. g3 Ra4 34. Ra1 Nb5 35. Bc1 Nb6 36. Be3 Nc4 37. Bc5 Nxe5 38. Rd1 Kc7 39. f4 Nc6 40. Rd3 b6 41. Bf8 g6 42. h4 Rd4 43. Re3 Na5 44. Kg2 Nc4 45. Rb3 Rd2+ 46. Kh3 Nbd6 47. Kg4 Ne4 48. Bg7 f5+ 0-1